000 00345nam a2200133Ia 4500
008 240624s9999 xx 000 0 und d
041 _aeng
082 _a302.35 HAN
100 _aHANDEL MICHAEL J
245 _aSOCIOLOGY OF ORGANIZATIONS CLASSIC CONTE
260 _c2002
_aNew Delhi
_bSage Publications
300 _a552 : p.
365 _cGBP
_b30
999 _c20155
_d20155